| 000 | 00577nam a2200169 a 4500 | ||
|---|---|---|---|
| 001 | 000015333 | ||
| 005 | 20200929164020.0 | ||
| 008 | 100205s2008 dr 000 0 spa d | ||
| 020 | _a9789945423099 | ||
| 040 |
_aDO-SdBNP _bspa _cBNPHU |
||
| 100 | 1 |
_aTünnermann Bernheim, Carlos _917536 |
|
| 245 | 1 | 4 |
_aLos desafíos de la universidad en el siglo XXI / _cCarlos Tünnermann Bernheim. |
| 260 |
_aSanto Domingo : _bUNAPEC, _c2008. |
||
| 300 |
_a79 p. ; _c21 cm. |
||
| 490 | 1 |
_aUNAPEC por un mundo mejor _aconferencia _v2 |
|
| 830 | 0 |
_aUNAPEC por un mundo mejor _aconferencia _n2 _934666 |
|
| 999 |
_c14899 _d14899 |
||